00790cam a22002171 4500001001300000003000400013005001700017008004100034010001700075035002000092040004900112050002700161082001300188100002700201245010300228260002300331300002100354410006900375500007200444700005600516l 48000063 DLC20260227111541.0870617s1948 dcu 000 0 eng c al 48000063  a(OCoLC)15990046 aU.S. Dept. of Labor. Library.cCLUdCLUdDLC00aHD8051b.A62 no. 908-9 a331.29731 aWeiss, Abraham,d1913-00aCollective bargaining provisions:bwage adjustment plansc[by Abraham Weiss and Eleanor R. Lehrer. aWashington,c1948] av, 75 p.c24 cm.10aUnited States.bBureau of Labor Statistics.tBulletinvno. 908,9 aA mimeographed prelim. ed. was issued in 1948 without series title.1 aLehrer, Eleanor R.q(Eleanor Royer),ejoint author.